Energy Act 2011 (Record no. 112863)
[ view plain ]
| 000 -LEADER | |
|---|---|
| fixed length control field | 01998cad a22002415a 4500 |
| 001 - CONTROL NUMBER | |
| control field | L154148 |
| 008 - FIXED-LENGTH DATA ELEMENTS--GENERAL INFORMATION | |
| fixed length control field | 111019s2011 xxk f l 000 0 eng d |
| 035 ## - SYSTEM CONTROL NUMBER | |
| System control number | (Sirsi) u154148 |
| 041 0# - LANGUAGE CODE | |
| Language code of text/sound track or separate title | eng |
| 110 2# - MAIN ENTRY--CORPORATE NAME | |
| Corporate name or jurisdiction name as entry element | United Kingdom |
| Form subheading | Laws, etc. |
| 9 (RLIN) | 5044 |
| 245 00 - TITLE STATEMENT | |
| Title | Energy Act 2011 |
| Medium | [electronic resource] |
| 260 ## - PUBLICATION, DISTRIBUTION, ETC. | |
| Place of publication, distribution, etc. | London |
| Name of publisher, distributor, etc. | HMSO |
| Date of publication, distribution, etc. | 2011 |
| 505 2# - FORMATTED CONTENTS NOTE | |
| Formatted contents note | Energy efficiency -- Green deal -- Green deal plan -- Disclosure of Green deal plan etc -- Modifying energy licenses -- Gas and electricity codes -- Modifying consumer credit legislation -- Delegation and exercise of functions -- Private rented sector England and Wales -- Domestic energy efficiency regulations -- Tenants' energy efficiency improvement regulations -- Non-domestic energy efficiency regulations -- Private rented sector Scotland -- Scottish domestic energy efficiency regulations -- Scottish tenants' energy efficiency improvement regulations -- Scottish non-domestic energy efficiency regulations -- Reducing carbon emissions and home-heating costs -- Information about energy consumption, efficiency and tariffs -- Smart meters -- Energy performance certificates -- Information about tariffs -- Security of energy supplies -- Gas supply -- Upstream petroleum infrastructure -- Downstream gas processing facilities |
| 520 ## - SUMMARY, ETC. | |
| Summary, etc. | Energy Act 2011 Part I makes provision for the arrangement and financing of energy efficiency improvements to be made to properties by owners and occupiers aimed at increasing the energy efficiency of properties through the Green Deal scheme. Part II deals with safeguarding the security of future energy supplies. |
| 521 ## - TARGET AUDIENCE NOTE | |
| Target audience note | Advanced |
| 590 ## - LOCAL NOTE (RLIN) | |
| Local note | KA NTK |
| 650 24 - SUBJECT ADDED ENTRY--TOPICAL TERM | |
| Topical term or geographic name entry element | ENERGY ACT 2011 |
| 650 24 - SUBJECT ADDED ENTRY--TOPICAL TERM | |
| Topical term or geographic name entry element | GREEN DEAL |
| 651 #4 - SUBJECT ADDED ENTRY--GEOGRAPHIC NAME | |
| Geographic name | United Kingdom |
| Chronological subdivision | |
| 690 ## - LOCAL SUBJECT ADDED ENTRY--TOPICAL TERM (OCLC, RLIN) | |
| Topical term or geographic name as entry element | ENVIRONMENTAL AND LAND CONSULTANCY-ENERGY-ENERGY USE-ENERGY EFFICIENCY |
| 856 40 - ELECTRONIC LOCATION AND ACCESS | |
| Uniform Resource Identifier | <a href="https://www.legislation.gov.uk/ukpga/2011/16/pdfs/ukpga_20110016_en.pdf">https://www.legislation.gov.uk/ukpga/2011/16/pdfs/ukpga_20110016_en.pdf</a> |
| Public note | View the item free of charge online at www.legislation.gov.uk |
| 942 ## - ADDED ENTRY ELEMENTS (KOHA) | |
| Suppress in OPAC | 0 |
| Withdrawn status | Lost status | Source of classification or shelving scheme | Damaged status | Not for loan | Home library | Current library | Shelving location | Date acquired | Total Checkouts | Full call number | Barcode | Date last seen | Copy number | Price effective from | Koha item type |
|---|---|---|---|---|---|---|---|---|---|---|---|---|---|---|---|
| Dewey Decimal Classification | Virtual | Virtual | Online | 19/10/2011 | ONLINE PUBLICATION | 154148-2001 | 06/08/2019 | 1 | 06/08/2019 | Book |